Seguridad colectiva en la Carta de las Naciones Unidas

Tallennettuna:
Bibliografiset tiedot
Päätekijä: Betsalel Palombo, Regina (Tekijä)
Aineistotyyppi: Kirja
Kieli:espanja
Julkaistu: Santiago Jurídica de Chile 1965
Sarja:Seminario de Derecho Público, 12
Aiheet:
Tagit: Lisää tagi
Ei tageja, Lisää ensimmäinen tagi!

MARC

LEADER 00000nam a2200000 a 4500
001 UCT9264
003 CL-VaPUC
008 970404e19650000CL |||||||||||||||||spa|d
082 0 4 |a 341.232  |b BET  |2 21 
100 0 |a Betsalel Palombo, Regina  |e author  |9 381822 
245 1 0 |a Seguridad colectiva en la Carta de las Naciones Unidas 
300 |a 218 p 
942 |c BK 
945 |d 19970404 00:00:00  |a paguirre 
260 |a Santiago  |b Jurídica de Chile  |c 1965 
600 0 7 |a NACIONES UNIDAS  |2 CL-VaPUC  |9 255446 
650 0 |a Organizaciones internacionales  |9 329196 
650 7 |a SEGURIDAD COLECTIVA  |2 CL-VaPUC  |9 378098 
650 0 |a Derecho internacional  |9 255637 
650 7 |a EQUILIBRIO INTERNACIONAL  |2 CL-VaPUC  |9 314688 
650 0 |a Conflicto internacional  |9 341259 
583 |a last modification  |c 19970404 00:00:00  |k Rodrigo Vera 
490 0 |a Seminario de Derecho Público, 12 
999 |c 257680  |d 257678 
952 |0 0  |1 0  |4 0  |6 341_232000000000000_BET_1965  |7 0  |8 A  |9 281275  |a BIBDER  |b BIBDER  |d 2019-11-19  |i 1819577  |o 341.232 BET 1965  |p 1819577  |r 2023-01-25  |w 2019-11-19  |y BK  |k DER